000 01418cam a2200385 a 4500
001 13040377
003 OSt
005 20260209125815.0
008 021223s2004 caua b 001 0 eng
010 _a 2002117700
020 _a053460885X
_qstudent ed. with InfoTrac College Edition
020 _a0534608876
_qstudent ed. without InfoTrac College Edition
020 _a9780534608873
_q(student ed. without InfoTrac College Edition)
035 _a13040377
035 _a(DLC) 2002117700
040 _aDLC
_cDLC
043 _an-us---
050 0 0 _aLB1060.2
_b.M22 2004
100 1 _aMaag, John W.,
_d1956-
245 1 0 _aBehavior management :
_bfrom theoretical implications to practical applications /
_cJohn W. Maag.
250 _a2nd ed.
260 _aBelmont, CA :
_bWadsworth/Thomson Learning,
_cc2004.
300 _axix, 437 p. :
_bill. ;
_c24 cm.
336 _atext
_btxt
_2rdacontent
337 _aunmediated
_bn
_2rdamedia
338 _avolume
_bnc
_2rdacarrier
504 _aIncludes bibliographical references and index.
650 0 _aBehavior modification.
650 0 _aProblem children
_xEducation
_zUnited States.
650 0 _aClassroom management
_zUnited States.
906 _a7
_bcbc
_corignew
_d3
_eepcn
_f20
_gy-gencatlg
942 _2lcc
_cBK
999 _c265843
_d265842